Meo community: a socio-political brief (Record no. 8218)

MARC details
000 -LEADER
fixed length control field 00349nam a2200145Ia 4500
020 ## - INTERNATIONAL STANDARD BOOK NUMBER
ISBN 9788192718323
082 ## - DEWEY DECIMAL CLASSIFICATION NUMBER
Classification number 305.800954558 YAD-M
100 ## - MAIN ENTRY--AUTHOR NAME
Personal name Yadav, Rajender
245 #0 - TITLE STATEMENT
Title Meo community: a socio-political brief
260 ## - PUBLICATION, DISTRIBUTION, ETC. (IMPRINT)
Place of publication New Delhi
Name of publisher G.B. Books
Year of publication 2013
300 ## - PHYSICAL DESCRIPTION
Number of Pages viii, 241
650 ## - SUBJECT ADDED ENTRY--TOPICAL TERM
Topical Term MEOS,THE
650 ## - SUBJECT ADDED ENTRY--TOPICAL TERM
Topical Term MEWAT REGION
942 ## - ADDED ENTRY ELEMENTS (KOHA)
Koha item type Books
Holdings
Withdrawn status Lost status Damaged status Not for loan Home library Current library Date acquired Source of acquisition Bill Date Full call number Accession Number Price effective from Koha item type
        NASSDOC Library NASSDOC Library 25/03/2014 BATRA 2014-03-12 305.800954558 YAD-M 48334 18/04/2019 Books